PRÁVO MÉDIÍ NA INFORMÁCIE PRI POSKYTOVANÍ ZDRAVOTNEJ STAROSTLIVOSTI

Bibliographic Details
Main Author: Čurila, Dušan (Author)
Format: Article
Language:Slovak

MARC

LEADER 00000nab a2200000ua 4500
001 vtls010840911
003 SK-MaSNL
005 20260303144239.0
008 230222s2012 xo |||||||||||||||||slo|
035 |a (urnnbn)urn:nbn:sk:snk:ar-a06xxb 
035 |a urn:nbn:sk:snk-ab63l1 
035 |a (uuid)13055c86-8a64-4098-9420-b28d9657aa0d 
040 |a SNKBUCL  |b slo  |c SNKBUCL  |e AACR2 
041 0 |a slo 
044 |a xo  |c SK 
100 1 |a Čurila, Dušan  |4 aut  |9 568999 
245 1 0 |a PRÁVO MÉDIÍ NA INFORMÁCIE PRI POSKYTOVANÍ ZDRAVOTNEJ STAROSTLIVOSTI  |c Dušan Čurila, Dušan Čurila 
700 1 |a Čurila, Dušan  |4 aut  |9 568999 
773 0 |t Právo a manažment v zdravotníctve  |g Roč. 3, č. 4 (2012), s. 8-13 
954 |a odborná, vedecká literatúra pôvodná (slovenská)  |2 lita 
958 |a OND 
958 |a EUIPO 
958 |a article5 
999 |c 1995870  |d 1997800